|
|
|
|
| LEADER |
00000cas a2200000 a 4500 |
| 001 |
vtls001316789 |
| 003 |
SK-MaSNL |
| 005 |
20260331203917.0 |
| 008 |
160415d19971997xo ar r 0y 0 0slo |
| 015 |
|
|
|a SNBA1998/04-01251 (r. 1995/1996)
|
| 020 |
|
|
|a 8071373583 (brož. : r. 1995/1996)
|
| 035 |
|
|
|a SNK000269303
|
| 040 |
|
|
|a SNK
|b slo
|c SNK
|e AACR2
|
| 041 |
0 |
|
|a slo
|
| 044 |
|
|
|a xo
|c SK
|
| 072 |
|
7 |
|a 63
|x Poľnohospodárstvo a príbuzné oblasti vedy a techniky
|2 konspekt
|
| 080 |
|
|
|a 63
|2 2011
|
| 080 |
|
|
|a (094.9)
|2 2011
|
| 080 |
|
|
|a 050
|2 2011
|
| 100 |
0 |
|
|a Bartová, Ľubica
|4 edt
|9 265171
|
| 245 |
1 |
0 |
|a Student's final research papers
|b academic year ...
|c [edited by: Ľubica Bartová, Eva Matejková]
|
| 260 |
|
|
|a Nitra
|b Institute of Economic Studies University of Agriculture
|c 1997
|
| 300 |
|
|
|a 1 zv.
|c 21 cm
|
| 310 |
|
|
|a 1x ročne
|
| 362 |
0 |
|
|a 1995/1996
|
| 500 |
|
|
|a Údaj o edit. prevzatý z rubu tit. strany
|
| 500 |
|
|
|a Súčasťou podnázvu je označenie akademického roku
|
| 500 |
|
|
|a Publikácia za r. 1995/1996 vyšla v r. 1997
|
| 504 |
|
|
|a Bibliogr. odkazy
|
| 650 |
0 |
7 |
|a poľnohospodárstvo
|2 SNKPH
|9 679
|
| 650 |
0 |
7 |
|a Agriculture
|2 SNKPHeng
|9 265172
|
| 655 |
|
7 |
|a zbierky
|2 SNKPH
|9 70533
|
| 655 |
|
7 |
|a Collections of documents
|2 SNKPHeng
|9 265173
|
| 700 |
1 |
|
|a Bartová, Ľubica,
|d 1960-
|4 edt
|9 188442
|
| 700 |
1 |
|
|a Matejková, Eva
|c Ing
|4 edt
|9 9815
|
| 710 |
2 |
|
|a Vysoká škola poľnohospodárska v Nitre
|4 pbl
|9 165743
|
| 910 |
|
|
|a snk
|
| 919 |
|
|
|a 80-7137-358-3
|
| 958 |
|
|
|a TL
|
| 958 |
|
|
|a NB
|
| 958 |
|
|
|a ZB
|
| 999 |
|
|
|c 232
|d 232
|
| 952 |
|
|
|t R. 1995/1996
|a SNK
|b SNK
|y NEVYP
|7 0
|o snkC 48
|i snk89/980121
|0 0
|1 0
|4 0
|d 1998-01-21
|l 0
|r 2005-01-02 00:00:00
|w 2026-02-21
|
| 952 |
|
|
|a SNK
|b SNK
|y PREZ
|7 0
|p 17A0116846
|o snkČSD 2066/1995-1996
|i snkKSP 565/98
|0 0
|1 0
|4 0
|d 1998-01-21
|l 0
|r 2005-01-02 00:00:00
|w 2026-02-21
|
| 952 |
|
|
|a SNK
|b SNK
|y PREZ
|7 0
|p 17A0116847
|o snkČSD 2066/1995-1996 D1
|i snkKSP 566/98
|0 0
|1 0
|4 0
|d 1998-01-21
|l 0
|r 2005-01-02 00:00:00
|w 2026-02-21
|